[Event "EYCC Open U10 2021"]
[Site "Tornelo"]
[Date "2021.10.15"]
[Round "8.6"]
[White "Karimli, Yusif"]
[Black "Feher, Botond"]
[Result "1-0"]
[WhiteElo "1571"]
[BlackElo "1644"]
[Annotator "NA"]
[PlyCount "87"]
[EventDate "2021.10.15"]
[EventType "swiss"]
[EventCountry "NET"]
[SourceTitle "playchess.com"]
[Source "ChessBase"]
[SourceQuality "1"]
[TimeControl "5400+30"]

1. d4 {[%emt 0:00:30]} Nf6 {[%emt 0:00:50]} 2. Bf4 {[%emt 0:00:05]} g6 {[%emt 0:00:23]} 3. e3 {[%emt 0:00:20]} Bg7 {[%emt 0:01:37]} 4. Nf3 {[%emt 0:00:21]} O-O {[%emt 0:01:09]} 5. h3 {[%emt 0:01:32]} c5 {[%emt 0:02:30]} 6. c3 {[%emt 0:01:13]} d6 {[%emt 0:02:29]} 7. Nbd2 {[%emt 0:02:58]} Nc6 {[%emt 0:02:49]} 8. Be2 {[%emt 0:01:17]} Bf5 {[%emt 0:01:18]} 9. O-O {[%emt 0:01:33]} Qd7 {[%emt 0:04:04]} 10. a4 {[%emt 0:02:44]} cxd4 {[%emt 0:10:23]} 11. exd4 {[%emt 0:01:01]} Nd5 {[%emt 0:04:40]} 12. Bg3 {[%emt 0:00:45]} Na5 {[%emt 0:12:56]} 13. Nc4 {[%emt 0:06:06]} Nxc4 {[%emt 0:01:17]} 14. Bxc4 {[%emt 0:00:11]} Nb6 {[%emt 0:00:17]} 15. Bb3 {[%emt 0:00:42]} Rac8 {[%emt 0:01:42]} 16. a5 {[%emt 0:08:56]} Nc4 {[%emt 0:02:55]} 17. Qe2 {[%emt 0:03:12]} d5 {[%emt 0:14:09]} 18. Bxc4 {[%emt 0:04:16]} dxc4 {[%emt 0:01:04]} 19. Rfe1 {[%emt 0:00:15]} Qb5 {[%emt 0:01:44]} 20. Ne5 {[%emt 0:01:36]} h5 {[%emt 0:05:00]} 21. Bh4 {[%emt 0:04:35]} Bxe5 {[%emt 0:03:10]} 22. Qxe5 {[%emt 0:01:43]} Qxb2 {[%emt 0:00:36]} 23. d5 {[%emt 0:12:17]} Rcd8 {[%emt 0:06:16]} 24. Bxe7 {[%emt 0:03:36]} Rfe8 {[%emt 0:00:50]} 25. d6 {[%emt 0:02:09]} Rd7 {[%emt 0:00:39]} 26. Rad1 {[%emt 0:01:19]} b6 {[%emt 0:03:57]} 27. Re3 {[%emt 0:03:17]} b5 {[%emt 0:01:16]} 28. Qf4 {[%emt 0:04:58]} Qc2 {[%emt 0:13:27]} 29. Rde1 {[%emt 0:00:58]} Be6 {[%emt 0:00:08]} 30. Rf3 {[%emt 0:00:36]} Rexe7 {[%emt 0:00:17]} 31. dxe7 {[%emt 0:00:06]} Rxe7 {[%emt 0:00:02]} 32. Qf6 {[%emt 0:00:05]} Rb7 {[%emt 0:01:34]} 33. Rg3 {[%emt 0:00:07]} Kh7 {[%emt 0:00:12]} 34. a6 {[%emt 0:01:24]} Rc7 {[%emt 0:00:41]} 35. Rf3 {[%emt 0:00:30]} Qd2 {[%emt 0:00:29]} 36. Ree3 {[%emt 0:00:28]} Qd1+ {[%emt 0:00:10]} 37. Kh2 {[%emt 0:01:24]} Qd6+ {[%emt 0:00:03]} 38. g3 {[%emt 0:03:25]} Qxa6 {[%emt 0:00:11]} 39. Re1 {[%emt 0:00:47]} Qb6 {[%emt 0:00:13]} 40. Rfe3 {[%emt 0:00:30]} Qb7 {[%emt 0:02:16]} 41. Re4 {[%emt 0:02:40]} a5 {[%emt 0:00:10]} 42. Rd4 {[%emt 0:00:33]} b4 {[%emt 0:00:43]} 43. Rd8 {[%emt 0:00:08]} Rc8 {[%emt 0:00:54]} 44. Qh8# {[%emt 0:00:03]} 1-0

[Event "EYCC Open U10 2021"]
[Site "Tornelo"]
[Date "2021.10.15"]
[Round "8.7"]
[White "Karpenko, Anton"]
[Black "Gabadadze, Gabriel"]
[Result "1/2-1/2"]
[WhiteElo "1634"]
[BlackElo "1407"]
[Annotator "NA"]
[PlyCount "129"]
[EventDate "2021.10.15"]
[EventType "swiss"]
[EventCountry "NET"]
[SourceTitle "playchess.com"]
[Source "ChessBase"]
[SourceQuality "1"]
[TimeControl "5400+30"]

1. d4 {[%emt 0:00:30]} Nf6 {[%emt 0:00:49]} 2. c4 {[%emt 0:00:05]} e6 {[%emt 0:00:08]} 3. g3 {[%emt 0:00:03]} d5 {[%emt 0:00:13]} 4. Nf3 {[%emt 0:00:05]} dxc4 {[%emt 0:00:19]} 5. Bg2 {[%emt 0:00:06]} c5 {[%emt 0:00:37]} 6. O-O {[%emt 0:00:06]} Be7 {[%emt 0:00:46]} 7. dxc5 {[%emt 0:00:06]} O-O {[%emt 0:01:21]} 8. Nbd2 {[%emt 0:03:34]} Bxc5 {[%emt 0:05:34]} 9. Nxc4 {[%emt 0:00:24]} Nc6 {[%emt 0:02:24]} 10. Qxd8 {[%emt 0:12:16]} Rxd8 {[%emt 0:00:21]} 11. Be3 {[%emt 0:01:09]} Bxe3 {[%emt 0:02:37]} 12. Nxe3 {[%emt 0:00:08]} Bd7 {[%emt 0:01:50]} 13. Rfd1 {[%emt 0:01:06]} Be8 {[%emt 0:01:19]} 14. Rac1 {[%emt 0:03:38]} Rac8 {[%emt 0:02:17]} 15. a3 {[%emt 0:01:52]} Kf8 {[%emt 0:03:13]} 16. Nc4 {[%emt 0:02:17]} Ke7 {[%emt 0:01:27]} 17. Kf1 {[%emt 0:02:58]} h6 {[%emt 0:05:03]} 18. Ke1 {[%emt 0:02:43]} Rxd1+ {[%emt 0:03:30]} 19. Rxd1 {[%emt 0:00:13]} Ne4 {[%emt 0:12:40]} 20. Nfe5 {[%emt 0:10:00]} Nxe5 {[%emt 0:01:35]} 21. Nxe5 {[%emt 0:00:10]} Nd6 {[%emt 0:00:45]} 22. Kd2 {[%emt 0:05:07]} f6 {[%emt 0:03:11]} 23. Nd3 {[%emt 0:00:07]} Bc6 {[%emt 0:02:34]} 24. Bxc6 {[%emt 0:00:34]} Rxc6 {[%emt 0:00:17]} 25. b3 {[%emt 0:01:15]} Nb5 {[%emt 0:02:53]} 26. a4 {[%emt 0:14:27]} Nd4 {[%emt 0:00:23]} 27. Rb1 {[%emt 0:00:08]} Rc2+ {[%emt 0:01:16]} 28. Ke3 {[%emt 0:00:11]} e5 {[%emt 0:01:15]} 29. Nc1 {[%emt 0:00:09]} Kd6 {[%emt 0:06:11]} 30. g4 {[%emt 0:03:53]} Rc3+ {[%emt 0:05:27]} 31. Kd2 {[%emt 0:00:29]} Rh3 {[%emt 0:00:45]} 32. Nd3 {[%emt 0:01:12]} Rxh2 {[%emt 0:00:48]} 33. Ke3 {[%emt 0:04:36]} Rg2 {[%emt 0:01:14]} 34. b4 {[%emt 0:00:40]} Rxg4 {[%emt 0:01:07]} 35. Rc1 {[%emt 0:01:36]} Rh4 {[%emt 0:07:11]} 36. Rc8 {[%emt 0:03:58]} Rh3+ {[%emt 0:02:40]} 37. Kd2 {[%emt 0:00:54]} h5 {[%emt 0:04:00]} 38. e3 {[%emt 0:11:53]} Nf3+ {[%emt 0:00:41]} 39. Ke2 {[%emt 0:00:07]} e4 {[%emt 0:01:11]} 40. Nc5 {[%emt 0:00:18]} f5 {[%emt 0:01:58]} 41. Nxb7+ {[%emt 0:01:04]} Kd7 {[%emt 0:01:07]} 42. Rc1 {[%emt 0:00:05]} g5 {[%emt 0:01:00]} 43. Nc5+ {[%emt 0:00:09]} Ke7 {[%emt 0:06:32]} 44. b5 {[%emt 0:00:30]} g4 {[%emt 0:01:16]} 45. a5 {[%emt 0:00:33]} g3 {[%emt 0:00:35]} 46. b6 {[%emt 0:00:39]} axb6 {[%emt 0:00:15]} 47. a6 {[%emt 0:00:12]} Rh2 {[%emt 0:00:38]} 48. Nd3 {[%emt 0:00:45]} exd3+ {[%emt 0:01:54]} 49. Kxf3 {[%emt 0:00:40]} Rxf2+ {[%emt 0:00:31]} 50. Kxg3 {[%emt 0:00:05]} Ra2 {[%emt 0:00:16]} 51. Kf4 {[%emt 0:00:38]} Rxa6 {[%emt 0:00:46]} 52. Rd1 {[%emt 0:01:48]} Kf6 {[%emt 0:01:45]} 53. Rxd3 {[%emt 0:00:12]} Ra4+ {[%emt 0:00:15]} 54. Kf3 {[%emt 0:00:05]} b5 {[%emt 0:01:11]} 55. Rd6+ {[%emt 0:00:36]} Kg5 {[%emt 0:00:43]} 56. Rd5 {[%emt 0:00:39]} Rb4 {[%emt 0:01:19]} 57. e4 {[%emt 0:00:25]} Rxe4 {[%emt 0:01:29]} 58. Rxb5 {[%emt 0:00:05]} Ra4 {[%emt 0:00:37]} 59. Rb8 {[%emt 0:00:23]} Ra3+ {[%emt 0:00:08]} 60. Kg2 {[%emt 0:00:07]} h4 {[%emt 0:00:24]} 61. Rg8+ {[%emt 0:00:20]} Kf4 {[%emt 0:00:10]} 62. Rf8 {[%emt 0:00:23]} Rg3+ {[%emt 0:00:27]} 63. Kf2 {[%emt 0:00:17]} h3 {[%emt 0:00:29]} 64. Rxf5+ {[%emt 0:00:06]} Kxf5 {[%emt 0:00:28]} 65. Kxg3 {[%emt 0:00:03]} 1/2-1/2

[Event "EYCC Open U10 2021"]
[Site "Tornelo"]
[Date "2021.10.15"]
[Round "8.8"]
[White "Demchenko, Maksim Dm"]
[Black "Kocharyan, Vache"]
[Result "1-0"]
[WhiteElo "1615"]
[BlackElo "1367"]
[Annotator "NA"]
[PlyCount "129"]
[EventDate "2021.10.15"]
[EventType "swiss"]
[EventCountry "NET"]
[SourceTitle "playchess.com"]
[Source "ChessBase"]
[SourceQuality "1"]
[TimeControl "5400+30"]

1. e4 {[%emt 0:00:30]} c5 {[%emt 0:00:36]} 2. Nf3 {[%emt 0:00:03]} Nc6 {[%emt 0:00:05]} 3. d4 {[%emt 0:00:03]} cxd4 {[%emt 0:00:02]} 4. Nxd4 {[%emt 0:00:02]} Nf6 {[%emt 0:00:02]} 5. Nc3 {[%emt 0:00:03]} d6 {[%emt 0:00:05]} 6. Bg5 {[%emt 0:00:02]} e6 {[%emt 0:00:06]} 7. Qd2 {[%emt 0:00:03]} Be7 {[%emt 0:00:05]} 8. O-O-O {[%emt 0:00:03]} O-O {[%emt 0:00:06]} 9. f4 {[%emt 0:00:02]} h6 {[%emt 0:00:11]} 10. Bh4 {[%emt 0:00:02]} Nxd4 {[%emt 0:00:07]} 11. Qxd4 {[%emt 0:00:04]} Qa5 {[%emt 0:00:05]} 12. Bc4 {[%emt 0:00:10]} e5 {[%emt 0:00:14]} 13. fxe5 {[%emt 0:00:49]} dxe5 {[%emt 0:00:04]} 14. Qd3 {[%emt 0:00:21]} Bg4 {[%emt 0:00:06]} 15. Rdf1 {[%emt 0:00:38]} Rac8 {[%emt 0:15:37]} 16. Bb3 {[%emt 0:03:05]} Rxc3 {[%emt 0:03:16]} 17. Qxc3 {[%emt 0:10:03]} Qxc3 {[%emt 0:00:03]} 18. bxc3 {[%emt 0:00:02]} Ba3+ {[%emt 0:00:03]} 19. Kb1 {[%emt 0:00:09]} Nxe4 {[%emt 0:00:03]} 20. Ka1 {[%emt 0:20:48]} Nd2 {[%emt 0:10:35]} 21. Re1 {[%emt 0:04:36]} Nxb3+ {[%emt 0:04:59]} 22. axb3 {[%emt 0:01:14]} f6 {[%emt 0:00:43]} 23. Ka2 {[%emt 0:24:47]} Bc5 {[%emt 0:05:14]} 24. Kb2 {[%emt 0:00:19]} g5 {[%emt 0:03:10]} 25. Bg3 {[%emt 0:00:17]} Rd8 {[%emt 0:00:25]} 26. h3 {[%emt 0:00:12]} Bh5 {[%emt 0:00:08]} 27. Rhf1 {[%emt 0:02:49]} Kg7 {[%emt 0:17:18]} 28. Bf2 {[%emt 0:06:38]} Bxf2 {[%emt 0:00:21]} 29. Rxf2 {[%emt 0:00:03]} Be8 {[%emt 0:00:03]} 30. c4 {[%emt 0:09:48]} Bc6 {[%emt 0:01:51]} 31. Ref1 {[%emt 0:05:20]} Rd6 {[%emt 0:01:50]} 32. c5 {[%emt 0:02:40]} Re6 {[%emt 0:01:32]} 33. Rd2 {[%emt 0:00:05]} Kf7 {[%emt 0:00:54]} 34. g4 {[%emt 0:02:06]} Ke7 {[%emt 0:01:28]} 35. Rd6 {[%emt 0:01:21]} Bg2 {[%emt 0:07:00]} 36. Rfd1 {[%emt 0:04:16]} Rxd6 {[%emt 0:00:43]} 37. cxd6+ {[%emt 0:00:04]} Kd7 {[%emt 0:00:10]} 38. Rg1 {[%emt 0:01:18]} Bxh3 {[%emt 0:02:37]} 39. Rg3 {[%emt 0:00:08]} Bf1 {[%emt 0:00:04]} 40. Rf3 {[%emt 0:00:56]} Be2 {[%emt 0:00:07]} 41. Rxf6 {[%emt 0:00:02]} Bxg4 {[%emt 0:00:03]} 42. Rxh6 {[%emt 0:00:03]} Bf3 {[%emt 0:03:18]} 43. c4 {[%emt 0:02:58]} g4 {[%emt 0:04:19]} 44. Kc3 {[%emt 0:00:32]} g3 {[%emt 0:00:36]} 45. Rg6 {[%emt 0:00:03]} g2 {[%emt 0:00:05]} 46. c5 {[%emt 0:00:03]} Bc6 {[%emt 0:00:25]} 47. Kd2 {[%emt 0:01:52]} a6 {[%emt 0:01:41]} 48. b4 {[%emt 0:00:13]} Bd5 {[%emt 0:00:21]} 49. Ke3 {[%emt 0:01:05]} Bc6 {[%emt 0:00:21]} 50. Kf2 {[%emt 0:00:13]} e4 {[%emt 0:07:02]} 51. Ke3 {[%emt 0:00:06]} Kc8 {[%emt 0:00:20]} 52. Rxg2 {[%emt 0:00:07]} Kd7 {[%emt 0:00:11]} 53. Rg7+ {[%emt 0:00:08]} Kc8 {[%emt 0:00:54]} 54. Rc7+ {[%emt 0:00:28]} Kd8 {[%emt 0:00:19]} 55. Rxc6 {[%emt 0:00:12]} bxc6 {[%emt 0:00:04]} 56. Kxe4 {[%emt 0:00:02]} Ke8 {[%emt 0:00:08]} 57. Ke5 {[%emt 0:00:09]} Kd7 {[%emt 0:00:03]} 58. Kf6 {[%emt 0:00:03]} Kd8 {[%emt 0:00:11]} 59. Ke6 {[%emt 0:00:04]} Ke8 {[%emt 0:00:06]} 60. d7+ {[%emt 0:00:34]} Kd8 {[%emt 0:00:03]} 61. Kd6 {[%emt 0:00:02]} a5 {[%emt 0:00:04]} 62. Kxc6 {[%emt 0:00:01]} axb4 {[%emt 0:00:03]} 63. Kd6 {[%emt 0:00:02]} b3 {[%emt 0:00:03]} 64. c6 {[%emt 0:00:01]} b2 {[%emt 0:00:03]} 65. c7# {[%emt 0:00:02]} 1-0

[Event "EYCC Open U10 2021"]
[Site "Tornelo"]
[Date "2021.10.15"]
[Round "8.9"]
[White "Ochedzan, Filip"]
[Black "Daniel, Raja.N"]
[Result "1-0"]
[WhiteElo "1696"]
[BlackElo "1713"]
[Annotator "NA"]
[PlyCount "61"]
[EventDate "2021.10.15"]
[EventType "swiss"]
[EventCountry "NET"]
[SourceTitle "playchess.com"]
[Source "ChessBase"]
[SourceQuality "1"]
[TimeControl "5400+30"]

1. e4 {[%emt 0:00:30]} c5 {[%emt 0:00:38]} 2. Nf3 {[%emt 0:00:08]} Nc6 {[%emt 0:00:15]} 3. d4 {[%emt 0:00:04]} cxd4 {[%emt 0:00:14]} 4. Nxd4 {[%emt 0:00:09]} g6 {[%emt 0:00:12]} 5. c4 {[%emt 0:00:05]} Bg7 {[%emt 0:00:19]} 6. Be3 {[%emt 0:00:07]} Nf6 {[%emt 0:00:19]} 7. Nc3 {[%emt 0:00:14]} O-O {[%emt 0:00:21]} 8. Be2 {[%emt 0:00:39]} d6 {[%emt 0:00:27]} 9. O-O {[%emt 0:00:48]} Bd7 {[%emt 0:00:39]} 10. Nc2 {[%emt 0:01:07]} Ne5 {[%emt 0:08:44]} 11. f4 {[%emt 0:11:54]} Neg4 {[%emt 0:05:59]} 12. Bd4 {[%emt 0:02:29]} e5 {[%emt 0:01:07]} 13. fxe5 {[%emt 0:00:19]} dxe5 {[%emt 0:00:42]} 14. Bc5 {[%emt 0:00:50]} Qc8 {[%emt 0:20:43]} 15. Bxf8 {[%emt 0:04:41]} Bxf8 {[%emt 0:00:06]} 16. Bxg4 {[%emt 0:01:31]} Bc5+ {[%emt 0:04:12]} 17. Kh1 {[%emt 0:01:15]} Nxg4 {[%emt 0:00:32]} 18. Qf3 {[%emt 0:01:12]} Qd8 {[%emt 0:05:39]} 19. Nd5 {[%emt 0:09:49]} f5 {[%emt 0:00:46]} 20. Nce3 {[%emt 0:03:17]} Nxe3 {[%emt 0:02:23]} 21. Nxe3 {[%emt 0:00:19]} Bxe3 {[%emt 0:02:25]} 22. Qxe3 {[%emt 0:00:10]} f4 {[%emt 0:00:08]} 23. Qc5 {[%emt 0:01:30]} Qg5 {[%emt 0:00:32]} 24. Qd5+ {[%emt 0:01:20]} Kh8 {[%emt 0:00:06]} 25. Qxd7 {[%emt 0:00:33]} Rd8 {[%emt 0:00:11]} 26. Qh3 {[%emt 0:00:36]} Rd2 {[%emt 0:00:20]} 27. Rad1 {[%emt 0:01:27]} Rxb2 {[%emt 0:00:09]} 28. Qc8+ {[%emt 0:00:59]} Kg7 {[%emt 0:00:13]} 29. Rd7+ {[%emt 0:01:17]} Kf6 {[%emt 0:00:39]} 30. Qf8+ {[%emt 0:00:18]} Ke6 {[%emt 0:00:07]} 31. Qf7# {[%emt 0:00:06]} 1-0

[Event "EYCC Open U10 2021"]
[Site "Tornelo"]
[Date "2021.10.15"]
[Round "8.10"]
[White "Brzezina, Piotr"]
[Black "Ivanov, Andrey A."]
[Result "0-1"]
[WhiteElo "1418"]
[BlackElo "2180"]
[Annotator "TA"]
[PlyCount "120"]
[EventDate "2021.10.15"]
[EventType "swiss"]
[EventCountry "NET"]
[SourceTitle "playchess.com"]
[Source "ChessBase"]
[SourceQuality "1"]

{[%evp 9,120,-8,46,30,35,25,20,8,14,-19,0,0,0,-27,-30,-81,-31,-77,-83,-160,-80,-125,0,0,0,0,139,145,142,126,132,145,124,104,108,66,67,81,72,62,134,142,185,189,211,215,314,318,291,84,84,91,78,69,63,0,110,56,56,56,56,56,88,91,166,163,172,100,78,0,20,16,22,-266,-235,-242,-187,-186,-186,-769,-649,-1171,-1170,-1521,-1422,-1834,-1737,-2768,-2780,-6187,-6079,-4722,-908,-894,-887,-872,-872,-857,-850,-737,-687,-887,-852,-717,-660,-592,-592,-592,-592,-591,-588,-29988,-29989]} 1. e4 c5 2. g3 g6 3. Bg2 Bg7 4. Ne2 Nc6 5. c3 Qb6 (5... e5 $11) 6. O-O {B20: Sicilian: Unusual White 2nd moves.} e6 7. Na3 Nge7 $1 8. Nc4 {The position is equal.} Qc7 {[#]} 9. a4 $146 ({Predecessor:} 9. Ne3 d6 10. d4 O-O 11. b3 b6 12. Bb2 cxd4 13. Nxd4 Nxd4 14. cxd4 Ba6 15. Re1 {0-1 (52) Rozsa,P (2200)-Gjuran,D (2316) Hungary 2012}) 9... O-O 10. Nf4 Rd8 11. Qe2 d5 12. Na3 (12. exd5 $1 $11 exd5 13. Na3) 12... a6 13. b3 d4 14. Nb1 ({White should play} 14. Rb1) 14... Ne5 (14... Na5 $142 15. Ra3 Qb6 16. cxd4 Bxd4) 15. cxd4 cxd4 (15... N5c6 $17 16. Bb2 Nxd4 17. Bxd4 Bxd4) 16. d3 $1 $11 N5c6 17. Ba3 f5 (17... Bh6 $11) 18. exf5 $16 e5 19. Ne6 Bxe6 20. fxe6 Qc8 21. Nd2 Qxe6 22. Rab1 Nd5 23. Bxd5 Qxd5 24. Ne4 b6 (24... Qe6 $14) 25. Rfc1 Kh8 26. Qc2 Rac8 27. Qc4 $1 b5 (27... Bh6 {was necessary.}) 28. Qxd5 $18 Rxd5 29. Rc5 $2 (29. Rb2 $18) 29... Rxc5 $16 30. Bxc5 Bf8 31. axb5 axb5 32. Bd6 (32. Bxf8 $14 Rxf8 33. Rc1) 32... Nb4 (32... Bxd6 $11 33. Nxd6 Rf8) 33. Bxe5+ (33. Bxb4 $16 Bxb4 34. Ra1) 33... Bg7 $14 34. Bxg7+ Kxg7 {[%mdl 4096] Endgame KRN-KRN} 35. Rd1 Nd5 36. Kf1 Nc3 (36... Nb4 $16 {might work better.}) 37. Rc1 $18 b4 38. Ke1 (38. Ng5 $18) 38... Re8 $16 39. f3 ({Better is} 39. h4 $16) 39... Rf8 40. Kf2 Ra8 41. Nxc3 $2 {[%mdl 8192] Now White is beyond hope.} (41. f4 $11) 41... dxc3 $11 {KR-KR} 42. Ke3 Ra3 43. Rb1 {[#]} Ra2 $1 44. Kd4 $2 {[#]} (44. Rc1) 44... Rb2 $1 $19 {[%cal Rb2b1]} 45. Rc1 {White wants to play Kc4.} Rxb3 46. h4 Rb2 47. Kc4 c2 48. d4 b3 49. Kc3 Rb1 50. Kd2 b2 (50... Kf6 $142 51. g4 Rxc1 52. Kxc1 Ke6) 51. Rxc2 {[#]} Rd1+ $1 {[%mdl 576] Decoy, Clearance, Promotion} 52. Kxd1 b1=Q+ {KQ-KR} 53. Kd2 Qg1 54. Rc7+ Kf6 55. Rxh7 Qxg3 56. Ke3 Qe1+ 57. Kd3 Qf2 58. Ke4 Qe2+ 59. Kf4 Qd3 60. h5 g5+ {[%mdl 64] Discovered Attack.  Weighted Error Value: White=0.82/Black=0.38} 0-1

[Event "EYCC Open U10 2021"]
[Site "Tornelo"]
[Date "2021.10.15"]
[Round "8.11"]
[White "Bara, Jan"]
[Black "Diachek, Andriy"]
[Result "0-1"]
[WhiteElo "1413"]
[BlackElo "1689"]
[Annotator "NA"]
[PlyCount "64"]
[EventDate "2021.10.15"]
[EventType "swiss"]
[EventCountry "NET"]
[SourceTitle "playchess.com"]
[Source "ChessBase"]
[SourceQuality "1"]
[TimeControl "5400+30"]

1. d4 {[%emt 0:01:30]} Nf6 {[%emt 0:00:38]} 2. c4 {[%emt 0:00:08]} e6 {[%emt 0:00:04]} 3. Nc3 {[%emt 0:00:07]} Bb4 {[%emt 0:00:05]} 4. Qc2 {[%emt 0:00:25]} d6 {[%emt 0:00:08]} 5. Nf3 {[%emt 0:00:12]} O-O {[%emt 0:00:08]} 6. Bg5 {[%emt 0:00:42]} h6 {[%emt 0:00:49]} 7. Bh4 {[%emt 0:00:14]} Nbd7 {[%emt 0:00:28]} 8. e4 {[%emt 0:00:22]} e5 {[%emt 0:01:07]} 9. d5 {[%emt 0:06:13]} a5 {[%emt 0:03:43]} 10. Bd3 {[%emt 0:00:34]} Nc5 {[%emt 0:01:04]} 11. O-O {[%emt 0:01:47]} Bxc3 {[%emt 0:01:13]} 12. Qxc3 {[%emt 0:02:59]} g5 {[%emt 0:04:20]} 13. Bg3 {[%emt 0:04:19]} Nfxe4 {[%emt 0:05:45]} 14. Bxe4 {[%emt 0:01:40]} Nxe4 {[%emt 0:00:13]} 15. Qe3 {[%emt 0:00:13]} f5 {[%emt 0:01:59]} 16. h4 {[%emt 0:15:17]} Qf6 {[%emt 0:03:30]} 17. hxg5 {[%emt 0:03:44]} hxg5 {[%emt 0:00:46]} 18. Bh2 {[%emt 0:01:48]} Rf7 {[%emt 0:06:16]} 19. Nd2 {[%emt 0:02:54]} Nxd2 {[%emt 0:02:10]} 20. Qxd2 {[%emt 0:00:48]} Rh7 {[%emt 0:00:45]} 21. g3 {[%emt 0:05:08]} f4 {[%emt 0:10:06]} 22. f3 {[%emt 0:04:16]} Bf5 {[%emt 0:02:25]} 23. g4 {[%emt 0:06:38]} Bg6 {[%emt 0:00:33]} 24. b4 {[%emt 0:01:06]} Kg7 {[%emt 0:02:42]} 25. bxa5 {[%emt 0:01:40]} Rah8 {[%emt 0:00:40]} 26. Rf2 {[%emt 0:00:22]} e4 {[%emt 0:00:48]} 27. Qc1 {[%emt 0:06:26]} e3 {[%emt 0:00:58]} 28. Rb2 {[%emt 0:06:45]} Qd4 {[%emt 0:01:46]} 29. Kh1 {[%emt 0:01:32]} Rh3 {[%emt 0:05:20]} 30. a4 {[%emt 0:02:52]} Be4 {[%emt 0:01:57]} 31. fxe4 {[%emt 0:05:23]} Qxe4+ {[%emt 0:00:19]} 32. Rg2 {[%emt 0:01:03]} Rxh2+ {[%emt 0:00:13]} 0-1

[Event "EYCC Open U10 2021"]
[Site "Tornelo"]
[Date "2021.10.15"]
[Round "8.12"]
[White "Dumbelovic, Novak"]
[Black "Gulenko, Zakhar"]
[Result "0-1"]
[WhiteElo "1688"]
[BlackElo "1524"]
[Annotator "NA"]
[PlyCount "107"]
[EventDate "2021.10.15"]
[EventType "swiss"]
[EventCountry "NET"]
[SourceTitle "playchess.com"]
[Source "ChessBase"]
[SourceQuality "1"]
[TimeControl "5400+30"]

1. e4 {[%emt 0:00:30]} c6 {[%emt 0:00:35]} 2. d4 {[%emt 0:00:19]} d5 {[%emt 0:00:05]} 3. e5 {[%emt 0:00:05]} Bf5 {[%emt 0:00:05]} 4. h4 {[%emt 0:00:05]} h5 {[%emt 0:00:24]} 5. Bd3 {[%emt 0:00:50]} Bxd3 {[%emt 0:00:09]} 6. Qxd3 {[%emt 0:00:05]} e6 {[%emt 0:00:04]} 7. Bg5 {[%emt 0:01:48]} Be7 {[%emt 0:00:07]} 8. Nf3 {[%emt 0:10:08]} Nh6 {[%emt 0:00:09]} 9. Nbd2 {[%emt 0:03:39]} Nf5 {[%emt 0:00:10]} 10. c4 {[%emt 0:01:04]} Bxg5 {[%emt 0:01:15]} 11. hxg5 {[%emt 0:01:34]} g6 {[%emt 0:00:33]} 12. O-O-O {[%emt 0:01:57]} Nd7 {[%emt 0:00:16]} 13. Kb1 {[%emt 0:03:01]} a5 {[%emt 0:02:23]} 14. g4 {[%emt 0:01:09]} Ng7 {[%emt 0:00:04]} 15. Nf1 {[%emt 0:03:31]} Qe7 {[%emt 0:01:15]} 16. Ng3 {[%emt 0:01:51]} O-O-O {[%emt 0:02:35]} 17. gxh5 {[%emt 0:00:43]} gxh5 {[%emt 0:01:08]} 18. c5 {[%emt 0:02:07]} Kc7 {[%emt 0:03:35]} 19. Rh4 {[%emt 0:01:14]} Nf8 {[%emt 0:00:39]} 20. Rdh1 {[%emt 0:05:01]} Ng6 {[%emt 0:00:37]} 21. R4h2 {[%emt 0:00:17]} h4 {[%emt 0:00:37]} 22. Nxh4 {[%emt 0:00:18]} Nxh4 {[%emt 0:00:08]} 23. Rxh4 {[%emt 0:00:03]} Rxh4 {[%emt 0:00:04]} 24. Rxh4 {[%emt 0:00:03]} Qxg5 {[%emt 0:00:03]} 25. Rh1 {[%emt 0:01:18]} Rg8 {[%emt 0:01:40]} 26. Qh7 {[%emt 0:01:07]} Rf8 {[%emt 0:00:46]} 27. Qh6 {[%emt 0:01:00]} Qg4 {[%emt 0:03:10]} 28. Qh4 {[%emt 0:01:14]} Qxh4 {[%emt 0:01:51]} 29. Rxh4 {[%emt 0:00:17]} Kd7 {[%emt 0:00:04]} 30. Rh7 {[%emt 0:00:14]} Rg8 {[%emt 0:00:42]} 31. Kc2 {[%emt 0:00:18]} Ke7 {[%emt 0:00:04]} 32. Kb3 {[%emt 0:00:30]} Nf5 {[%emt 0:00:36]} 33. Nxf5+ {[%emt 0:00:10]} exf5 {[%emt 0:00:05]} 34. Rh5 {[%emt 0:00:47]} Rg4 {[%emt 0:00:07]} 35. Kc3 {[%emt 0:00:52]} Rf4 {[%emt 0:00:20]} 36. Rh2 {[%emt 0:00:06]} Kf8 {[%emt 0:03:13]} 37. Rg2 {[%emt 0:00:58]} Rh4 {[%emt 0:02:38]} 38. Rg3 {[%emt 0:01:01]} Ke7 {[%emt 0:00:36]} 39. Rf3 {[%emt 0:00:29]} Ke6 {[%emt 0:01:28]} 40. Rd3 {[%emt 0:24:27]} f4 {[%emt 0:00:16]} 41. f3 {[%emt 0:00:06]} Kf5 {[%emt 0:00:17]} 42. Kb3 {[%emt 0:20:59]} Rh2 {[%emt 0:00:08]} 43. Ka4 {[%emt 0:00:50]} Rxb2 {[%emt 0:00:10]} 44. Ra3 {[%emt 0:00:04]} Kg5 {[%emt 0:03:13]} 45. Kxa5 {[%emt 0:00:11]} Rb5+ {[%emt 0:00:06]} 46. Ka4 {[%emt 0:00:04]} Kh4 {[%emt 0:00:03]} 47. Rb3 {[%emt 0:01:54]} Rxb3 {[%emt 0:00:18]} 48. axb3 {[%emt 0:00:05]} Kg3 {[%emt 0:00:03]} 49. Ka5 {[%emt 0:00:08]} Kxf3 {[%emt 0:00:03]} 50. Kb6 {[%emt 0:00:03]} Ke4 {[%emt 0:00:07]} 51. Kxb7 {[%emt 0:00:05]} f3 {[%emt 0:00:02]} 52. Kxc6 {[%emt 0:00:06]} f2 {[%emt 0:00:03]} 53. b4 {[%emt 0:00:07]} f1=Q {[%emt 0:00:05]} 54. b5 {[%emt 0:00:04]} 0-1